MARC

LEADER 00000nam0a2200000 4500
001 186747
005 20231101224017.0
035 |a (RuTPU)RU\TPU\book\202607 
090 |a 186747 
100 |a 20101102d1956 km y0rusy50 ca 
101 0 |a rus 
102 |a RU 
105 |a y z 000zy 
200 1 |a Русские народные говоры  |f В. В. Иванов 
210 |a Москва  |c Учпедгиз  |d 1956 
215 |a 80 с. 
606 |a Русский язык  |x Диалектология, диалектография  |2 stltpush  |3 (RuTPU)RU\TPU\subj\26395  |9 50335 
610 1 |a русские народные говоры 
610 1 |a диалекты 
610 1 |a особенности 
610 1 |a типы 
686 |a Ш141.2-5  |2 rubbk 
700 1 |a Иванов  |b В. В.  |g Валерий Васильевич 
801 1 |a RU  |b 63413507  |c 20101102 
801 2 |a RU  |b 63413507  |c 20180306  |g RCR 
942 |c BK